LEADER 01170nam a2200265 i 4500 001 991000067399707536 005 20020509161629.0 008 960614s1984 it ||| | ita 035 $ab11305848-39ule_inst 035 $aPARLA201269$9ExL 040 $aDip.to scienze storiche$bita 082 04$a937 100 0 $aRiccobaldo :$cda Ferrara$0401668 245 10$aRicobaldi Ferrariensis Compendium romanae historiae /$ca cura di A. Teresa Hankey 260 $aRoma :$bnella sede dell'Istituto,$c1984 (stampa 1985) 300 $a2 v. (XLV, 853 p. compless.) ;$c26 cm. 490 0 $aFonti per la storia d'Italia / pubblicate dall'Istituto storico italiano ;$v108 700 1 $aHankey, A. Teresa 907 $a.b11305848$b23-02-17$c01-07-02 912 $a991000067399707536 945 $aLE009 MSM VIII Coll.24/108$g1$iLE009-1593$lle009$o-$pE0.00$q-$rn$so $t0$u0$v0$w0$x0$y.i11474178$z01-07-02 945 $aLE009 MSM VIII Coll.24/108a$g1$iLE009-15931$lle009$o-$pE0.00$q-$rn$so $t0$u0$v0$w0$x0$y.i1147418x$z01-07-02 996 $aRicobaldi Ferrariensis Compendium Romanae historiae$9602983 997 $aUNISALENTO 998 $ale009$b01-01-96$cm$da $e-$fita$git $h0$i2